000 00992cas a22002415a 4500
001 L153325
008 110711s2009 xxkfr wss eng u
035 _a(Sirsi) u153325
041 0 _aeng
050 _a333.33 $2 18
110 2 _aColliers International
_95548
245 0 0 _aNational retail barometer
_h[electronic resource]
260 _a[S.l.]
_bColliers International
_c2009-
362 0 _aWinter 2009-
490 0 _aColliers International National Retail Barometer
_v2009-
520 _aSurvey of vacant retail floorspace in 15 UK city and towns centres providing an overview of the current state of the retail market using void units as an indicator.
554 _aTwo per year
650 2 4 _aCOLLIERS INTERNATIONAL NATIONAL RETAIL BAROMETER
651 4 _aUnited Kingdom
_y
690 _aPROPERTY-COMMERCIAL PROPERTY-COMMERCIAL PROPERTY MARKET
856 4 0 _uhttps://www.colliers.com/markets/uk/RetailReports
_zView the report free of charge at www.colliers.com
942 _n0
999 _c119323
_d119323